|
|
|
|
| LEADER |
00000ncm a2200000 a 4500 |
| 001 |
vtls010270985 |
| 003 |
SK-MaSNL |
| 005 |
20260331205437.0 |
| 007 |
qu |
| 008 |
110413s2011 xo csg f u slo |
| 015 |
|
|
|a SNBH2014
|
| 024 |
2 |
|
|a 9790685000082 (brož.)
|
| 028 |
3 |
1 |
|a HF 3040
|b Hudobný fond
|
| 040 |
|
|
|a SNK
|b slo
|c SNK
|e AACR2
|
| 041 |
0 |
|
|a slo
|
| 044 |
|
|
|a xo
|c SK
|
| 048 |
|
|
|a sa01
|a sb01
|a sc01
|
| 072 |
|
7 |
|a 787
|x Hudba pre strunové a sláčikové nástroje
|2 konspekt
|
| 080 |
|
|
|a 785.7
|2 2001
|
| 080 |
|
|
|a 78.089.6
|2 2001
|
| 080 |
|
|
|a 787.1/.4:785.74
|2 2001
|
| 084 |
|
|
|a 1.2.1
|2 snlmc
|
| 100 |
1 |
|
|a Berger, Roman,
|d 1930-2020
|4 cmp
|9 90463
|
| 245 |
1 |
0 |
|a Pesničky zo Zaolžia
|h hudobnina
|b pre sláčikové kvarteto
|c Roman Berger
|
| 250 |
|
|
|a 1. vyd.
|
| 254 |
|
|
|a Partitúra
|
| 260 |
|
|
|a Bratislava
|b Hudobný fond
|c 2011
|
| 300 |
|
|
|a 1 partitúra (20 s.)
|c 30 cm
|
| 366 |
|
|
|e 500 výt.
|
| 490 |
1 |
|
|a Musica slovaca
|
| 500 |
|
|
|a Venované Ewaldovi Danelovi
|
| 650 |
0 |
7 |
|a komorná hudba
|2 SNKPH
|9 3431
|
| 650 |
0 |
7 |
|a Chamber music
|2 SNKPHeng
|9 318202
|
| 650 |
0 |
7 |
|a sláčikové kvartetá
|2 SNKPH
|9 3376
|
| 650 |
0 |
7 |
|a String quartets
|2 SNKPHeng
|9 326254
|
| 655 |
|
7 |
|a partitúry
|2 SNKPH
|9 70123
|
| 655 |
|
7 |
|a Scores
|2 SNKPHeng
|9 285331
|
| 700 |
1 |
|
|a Danel, Ewald,
|d 1956-
|4 hnr
|9 102202
|
| 830 |
|
0 |
|a Musica slovaca
|9 317889
|
| 919 |
|
|
|a 979-0-68500-008-2
|
| 924 |
|
|
|a husle (2), viola, violončelo
|
| 999 |
|
|
|c 577113
|d 579043
|
| 952 |
|
|
|a SNK
|b SNK
|y PREZ
|7 0
|p 17A0696223
|o snkHSB 4395
|i snk2011/8636
|8 0
|0 0
|1 0
|4 0
|d 2011-04-13
|l 0
|r 2026-02-23 14:37:22
|w 2026-02-23
|
| 952 |
|
|
|a SNK
|b SNK
|y VYP
|7 0
|p 17A0696224
|o snkHSB 4395 D1
|i snk2011/8637
|8 0
|0 0
|1 0
|4 0
|d 2011-04-13
|l 0
|r 2026-02-23 14:37:22
|w 2026-02-23
|